| 000 | 00622cam a22001935a 4500 | ||
|---|---|---|---|
| 001 | L157486 | ||
| 008 | 120320s2012 xxk f 000 0 eng d | ||
| 035 | _a(Sirsi) u157486 | ||
| 041 | 0 | _aeng | |
| 050 | 0 | 4 | _a711.552 $2 18 |
| 110 | 2 |
_aIngleby Trice _9675 |
|
| 245 | 0 | 0 |
_aCity floorspace survey _bNovember 2012 |
| 260 |
_aLondon _bIngleby Trice _c2012 |
||
| 300 |
_a11p. _c30cm. |
||
| 520 | _aA monthly report which provides figures for floorspace availability and take up in the City and City Fringe. | ||
| 651 | 4 | _aENGLAND AND WALES | |
| 690 | _aPROPERTY-COMMERCIAL PROPERTY-COMMERCIAL PROPERTY MARKET | ||
| 942 | _n0 | ||
| 999 |
_c114792 _d114792 |
||